| 000 | 00626nam a2200217 a 4500 | ||
|---|---|---|---|
| 005 | 20241031063729.0 | ||
| 008 | 010611s1999 es r 000 0 spa d | ||
| 020 | _a8433013807 | ||
| 035 | _aUPN01000108081 | ||
| 049 | _aCG | ||
| 050 | 4 |
_aLB3013 _bB8.3 |
|
| 100 | 1 | _aBurguet Arfelis, Marta | |
| 245 | 1 | 3 |
_aEl educador como gestor de conflictos / _cMartha Burguet Arfelis. |
| 260 |
_aBilbao, Esp. : _bDesclée de Brouwer, _c1999. |
||
| 300 | _a209 p. | ||
| 440 | 0 | _aAprender a ser | |
| 650 | 4 |
_aViolencia escolar _96675 |
|
| 650 | 4 |
_aPaz _xEstudio y enseñanza _94940 |
|
| 650 | 4 |
_aValores sociales _94177 |
|
| 905 | _aLibro | ||
| 999 |
_c81993 _d81993 |
||